000
00274nam a22001337a 4500
003
SGT
082
_a
340,ROX
100
_a
ROXER,DE. C
245
_a
TO SERVE AND PROTECT
260
_a
ICRC
_b
ICRC
_c
1998
300
_a
455
650
_a
TO SERVE AND PROTECT
942
_2
ddc
_c
BK
999
_c
11033
_d
11033